| 000 | 00494nam a2200145Ia 4500 | ||
|---|---|---|---|
| 008 | 190813s9999 xx 000 0 und d | ||
| 020 | _a9789712722486 | ||
| 100 | _aCarandang, Ma. Lourdes A. | ||
| 245 |
_cMa.Lourdes A. Carandang.-- _aThe Magic of play : _bchildren heal through play therapy / |
||
| 260 |
_aManila : _bAnvil publishing _c2009 |
||
| 300 | _aix, 208 pages. | ||
| 500 | _aIncludes bibliographic references and index. | ||
| 650 | _aChild psychotheraphy. | ||
| 650 | _aPlay theraphy. | ||
| 999 |
_c362033 _d362033 |
||